| 000 | 00421cam a2200169ua 4500 | ||
|---|---|---|---|
| 020 | _c1.25 | ||
| 041 |
_amal _h |
||
| 082 |
_a894.812 803 54 _bRAM/PU |
||
| 100 | _aRamavarma, Vayalar . | ||
| 245 |
_aPurushantharangaliloode / _cVayalar Ramavarma. _hTextual Documents |
||
| 260 |
_aThrissur : _bCurrent Books , _c1956. |
||
| 300 | _a66 ; . | ||
| 365 | _a1.25 | ||
| 504 | _a | ||
| 942 | _cBK | ||
| 999 |
_c6135 _d6135 |
||